Open Data Biblioteca Nacional de Portugal


República Portuguesa: Ministério da Cultura
Biblioteca Nacional de Portugal

Catálogo da BNP: acesso por Identificadores Unívocos
Registos Bibliográficos associados ao registo de autoridade

Etiqueta de registo: 00254nam 2200025 450
001 2288182
003 http://id.bnportugal.gov.pt/bib/catbnp/2288182
100 ## $a20260618d2025 k y0pory01030103ba
101 0# $apor$deng
102 ## $aPT
105 ## $ay m 000yy
106 ## $ar
200 1# $aModalidades inclusivas de movimento para pessoas que não costumam dançar$eum estudo experimental de exploração do movimento$fInês Zinho Pinheiro$gorient. Madalena Xavier Santos Rodrigues da Silva, Jorge Ramos do Ó
210 #9 $aLisboa$c[s.n.],$d2025
215 ## $aVIII, 403 p.$d30 cm
328 #1 $aTese doutoramento Artes Performativa e da Imagem em Movimento, Universidade de Lisboa, Faculdade de Belas-Artes, Instituto de Educação, Politécnico de Lisboa, Escola Superior de Dança, Escola Superior de Música de Lisboa, Escola Superior de Teatro e Cinema, 2025
700 #1 $aPinheiro,$bInês Zinho$32000936
702 #1 $aSilva,$bMadalena Xavier Santos Rodrigues da$4727$32000937
702 #1 $aÓ,$bJorge Ramos do,$f1962-$4727$350035
801 #0 $aPT$bBN$gRPC
966 ## $lBN$mFGMON$x1
971 ## $cjbeatriz$d20260618

OpendataBNP@bnportugal.pt | Mais informação sobre acesso aos dados BNP